Matemáticas para economistas / (Record no. 136524)

MARC details
000 -LEADER
campo de control de longitud fija 00617nam a2200205 4500
001 - NÚMERO DE CONTROL
campo de control 136524
003 - IDENTIFICADOR DE NÚMERO DE CONTROL
campo de control ES-MaACL
005 - FECHA Y HORA DE LA ÚLTIMA TRANSACCIÓN
campo de control 20230906195145.0
007 - CAMPO FIJO DE DESCRIPCIÓN FÍSICA--INFORMACIÓN GENERAL
campo de control de longitud fija t|
008 - DATOS DE LONGITUD FIJA--INFORMACIÓN GENERAL
campo de control de longitud fija 070214s1970 mx r ||||1| spa d
100 1# - ENTRADA PRINCIPAL--NOMBRE DE PERSONA
Nombre de persona Sáenz Quiroga, Eladio.
9 (RLIN) 187040
245 10 - MENCIÓN DEL TÍTULO
Título Matemáticas para economistas /
Mención de responsabilidad, etc. Eladio Sènz Quiroga.
250 ## - MENCION DE EDICION
Mención de edición 1ª. ed.
260 ## - PUBLICACIÓN, DISTRIBUCIÓN, ETC.
Lugar de publicación, distribución, etc. México :
Nombre del editor, distribuidor, etc. Fondo de Cultura Económica,
Fecha de publicación, distribución, etc. 1970.
300 ## - DESCRIPCIÓN FÍSICA
Extensión 317 p. :
Otras características físicas il. ;
Dimensiones 23 cm.
490 1# - MENCIÓN DE SERIE
Mención de serie Sección de obras de economía
830 0# - PUNTO DE ACCESO ADICIONAL DE SERIE-TÍTULO UNIFORME
Título uniforme Sección de obras de economía
9 (RLIN) 179924
852 ## - LOCALIZACIÓN
Ubicación ES-MaACL
Número de control de estantería E-6861
Sublocalización o colección R.91313
Holdings
Estatus retirado Estado de pérdida Estado de daño No para préstamo Biblioteca de origen Biblioteca actual Ubicación en estantería Fecha de adquisición Fuente de adquisición Total de préstamos Signatura topográfica completa Código de barras Visto por última vez Precio de reemplazo Tipo de ítem Koha
        Biblioteca del Ateneo de Madrid Biblioteca del Ateneo de Madrid Depósito 2 17/01/2008     E-6861 1142085 23/02/2023 23/02/2023 Libro impreso